| 000 | 00426nam a22001217a 4500 | ||
|---|---|---|---|
| 082 |
_a363.7 _bPAR _cD |
||
| 100 |
_aPartridge, William. _938144 |
||
| 245 |
_aEffective financing environmentally sustainable development in latin america and the caribbean _cWilliam L. Partriage. |
||
| 260 |
_aWashington : _bThe National Academy of Science, _c1995. |
||
| 300 | _a21 | ||
| 526 |
_a0 _b0 _c0 _d363_700000000000000_PAR |
||
| 942 |
_2ddc _cBK |
||
| 999 |
_c542799 _d542799 |
||